Géographie - Culture Générale - Difficile #7 - Statistiques

Statistiques générales
  • Ce quiz a été pris 32 fois
  • Le résultat moyen est 9 sur 20
Statistiques - réponses
Hint Réponse % Correct
Pays portant le nom latin de son peuple, les Helvètes, sur ses pièces de monnaie et ses timbres. Suisse
90%
Île des Caraïbes partagée entre la République Dominicaine et Haïti. Hispaniola
69%
Pays d'Océanie dont la capitale est sur l'île de Guadalcanal, théâtre de batailles entre Axe et Alliés en 1942. Îles Salomon
69%
Plus haut sommet d'Europe. Mont Elbrouz
69%
Nom du plateau basaltique partagé entre la Syrie, Israël, s'étalant jusqu'aux frontières du Liban et de la Jordanie. Plateau du Golan
69%
Pays dont la capitale est Nuku'alofa Tonga
69%
Ville d'Inde sur le Gange, ancienne capitale moghole, connue pour le Taj Mahal à 200 km. Agra
55%
Pays officiellement appelé "Royaume hachémite". Jordanie
52%
Fleuve sibérien se jetant dans la mer de Kara, l'un des plus longs du monde. Ob
52%
Pays d'Asie dont la capitale est la plus jeune d'Asie, ancienne colonie portugaise jusqu'en 1975. Timor Oriental
52%
Nom du détroit reliant la mer de Marmara à la mer Égée. Dardanelles
48%
Nom du lac entre la Suisse et l'Allemagne, traversé par le Rhin. Lac de Constance
45%
Ville d'Arabie Saoudite sur la mer Rouge, deuxième ville du pays, port principal du pays. Djeddah
41%
Nom du détroit séparant l'Île du Nord et l'île du Sud de la Nouvellez-Zélande. Détroit de Cook
31%
Île d'Asie du Sud-Est appartenant aux Philippines, la plus grande de l'archipel. Luzon
31%
Ville portuaire de Finlande, troisième ville du pays, sur la côte ouest. Tampere
24%
Pays utilisant le Lari comme monnaie nationale. Géorgie
17%
Ville du Maroc connue pour sa médina bleue et ses ruelles en indigo. Chefchaouen
14%
Nom du volcan actif le plus haut du monde, en Équateur, à 5 897 m d'altitude. Cotopaxi
3%
Territoire enclavé de l'Azerbaïdjan, séparé du reste du pays par l'Arménie, au bord de l'Iran et de la Turquie. Nakhitchevan
3%
Aucun quiz correspondant
Distribution des résultats
% des personnes avec chaque résultat
Percentile par nombre de réponses
Votre historique - résultats
Vous n’avez pas pris ce quiz